Sports Quiz

Random Sports or Baseball Quiz

The Amazing Baseball Johnson's Quiz Stats

 Plays Quiz not verified by Sporcle

Challenge
Share
Tweet
Embed
Score 0/82 Timer 10:00
0 Plays Today
% Correct
Randy (3)
89.3%
Dave or Davey (3)
78.6%
Johnny
78.6%
Bob (4)
75%
Walter
67.9%
Mike (2)
64.3%
Tom
64.3%
Bill or Billy (3)
60.7%
Dan
57.1%
Jim (2)
57.1%
Mark (3)
53.6%
Frank
50%
Joe
50%
Howard
46.4%
Josh
46.4%
Don (2)
42.9%
Jeff
42.9%
Paul
42.9%
Alex
39.3%
Brian
39.3%
Ed
39.3%
Larry
39.3%
Lou (2)
39.3%
Rob
39.3%
Tim
39.3%
Alan
35.7%
Chris
35.7%
Gary
35.7%
% Correct
Ken (2)
35.7%
Ron
35.7%
Ben (2)
32.1%
Lance
32.1%
Nick
32.1%
Fred
28.6%
Jason
28.6%
Stan
28.6%
Charles or Charlie
25%
Cliff
25%
Earl
25%
Jerry
25%
Reed
25%
Tony
25%
Adam
21.4%
Hank
21.4%
Roy (3)
21.4%
Wallace
21.4%
Art (2)
17.9%
Ernie (2)
17.9%
Jonathan
17.9%
Lamar
17.9%
Dane
14.3%
Deron
14.3%
Elliot
14.3%
Keith
14.3%
Kelly
14.3%
Abe
10.7%
% Correct
Bart
10.7%
Vic
10.7%
Chet
7.1%
Darrell
7.1%
Otis
7.1%
Russ
7.1%
Tyler
7.1%
Abbie
3.6%
Caleb
3.6%
Chief
3.6%
Connie
3.6%
Ellis
3.6%
Elmer
3.6%
Footer
3.6%
Jing
3.6%
John Henry
3.6%
Lefty
3.6%
Lloyd
3.6%
Rankin (2)
3.6%
Rondin
3.6%
Rontrez
3.6%
Si
3.6%
Spud
3.6%
Syl
3.6%
Youngy
3.6%
Erik
0%

You're not logged in!

Compare scores with friends on all Sporcle quizzes.
Join for Free
OR
Log In

You Might Also Like...

Show Comments

Extras

Top Quizzes Today


Score Distribution

Your Account Isn't Verified!

In order to create a playlist on Sporcle, you need to verify the email address you used during registration. Go to your Sporcle Settings to finish the process.

Report this User

Report this user for behavior that violates our Community Guidelines.

Details: